Together we go / (Record no. 7881)

MARC details
000 -LEADER
fixed length control field 00667nam a22002297a 4500
001 - CONTROL NUMBER
control field 7881
003 - CONTROL NUMBER IDENTIFIER
control field FISKH
005 - DATE AND TIME OF LATEST TRANSACTION
control field 20250813085550.0
008 - FIXED-LENGTH DATA ELEMENTS--GENERAL INFORMATION
fixed length control field 250813b cb ||||| |||| 00| 0 eng d
020 ## - INTERNATIONAL STANDARD BOOK NUMBER
International Standard Book Number 0153312556
040 ## - CATALOGING SOURCE
Original cataloging agency FISKH
Language of cataloging eng
Transcribing agency FISKH
Modifying agency FISKH
082 ## - DEWEY DECIMAL CLASSIFICATION NUMBER
Classification number 407.000
100 ## - MAIN ENTRY--PERSONAL NAME
Personal name Early, Margaret
245 ## - TITLE STATEMENT
Title Together we go /
Statement of responsibility, etc. By Margaret Early , Elizabeth K. Cooper and Nancy Santeusanio
260 ## - PUBLICATION, DISTRIBUTION, ETC.
Place of publication, distribution, etc. New York :
Name of publisher, distributor, etc. Harcourt Brace Jovanovich,
Date of publication, distribution, etc. 1983.
300 ## - PHYSICAL DESCRIPTION
Extent 191 pages :
Other physical details color illustrations ;
Dimensions 24 cm .
505 ## - FORMATTED CONTENTS NOTE
Formatted contents note P <br/>
521 8# - TARGET AUDIENCE NOTE
Target audience note 640 <br/><br/>
Source Lexile estimate <br/>
521 8# - TARGET AUDIENCE NOTE
Target audience note P <br/>
Source Raz-Plus <br/>
942 ## - ADDED ENTRY ELEMENTS (KOHA)
Source of classification or shelving scheme Dewey Decimal Classification
Koha item type Books
Suppress in OPAC No
Holdings
Withdrawn status Lost status Source of classification or shelving scheme Damaged status Not for loan Collection Home library Current library Shelving location Date acquired Total Checkouts Full call number Barcode Date last seen Price effective from Koha item type
    Dewey Decimal Classification     Non-Fiction Footprints International School Library Network Toul Tom Poung Campus Footprints International School Library Network Toul Tom Poung Campus TTP Primary Yellow Bookshelves 08/13/2025   EAR 407.000 FISBK00410 08/13/2025 08/13/2025 Books